[Event "Capablanca Memorial op 53rd"]
[Site "Havana"]
[Date "2018.05.11"]
[Round "3"]
[White "Rodriguez Gutierrez, Brayans"]
[Black "Garcia Matos, Maury"]
[Result "1-0"]
[WhiteElo "2150"]
[BlackElo "1741"]
[PlyCount "85"]
[EventDate "2018.05.09"]
[EventType "swiss"]
[EventRounds "10"]
[EventCountry "CUB"]
[SourceTitle "EXT 2019"]
[Source "ChessBase"]
[SourceDate "2018.10.10"]
[SourceVersion "1"]
[SourceVersionDate "2018.10.10"]
[SourceQuality "1"]

1. d4 c6 2. c4 d5 3. Nc3 Nf6 4. Nf3 dxc4 5. e3 Bf5 6. Bxc4 e6 7. h3 Be7 8. 0-0 0-0 9. Nh4 Bg6 10. Nxg6 hxg6 11. b3 Nbd7 12. Bb2 Nb6 13. Be2 c5 14. dxc5 Qxd1 15. Rfxd1 Bxc5 16. Bf3 Rab8 17. Ne4 Be7 18. Nxf6+ Bxf6 19. Bxf6 gxf6 20. Rac1 Rfd8 21. Rxd8+ Rxd8 22. Bxb7 Rd2 23. a4 Rb2 24. a5 Nd7 25. Rc3 f5 26. g4 fxg4 27. hxg4 Nf6 28. Bf3 Nd7 29. Kg2 Ne5 30. Rc7 Nxf3 31. Kxf3 Rxb3 32. Rxa7 Ra3 33. g5 Kf8 34. Ke4 Ra2 35. f4 Ra3 36. a6 Ke8 37. Ke5 Rxe3+ 38. Kf6 Rf3 39. Ra8+ Kd7 40. Kxf7 e5 41. Kxg6 exf4 42. a7 Ra3 43. Rf8 1-0

[Event "Vecindario Ansite 4th A"]
[Site "Vecindario"]
[Date "2014.09.03"]
[Round "5.5"]
[White "Suarez Ramirez, Jonay"]
[Black "Garcia Matos, Maury"]
[Result "1/2-1/2"]
[WhiteElo "1608"]
[BlackElo "1864"]
[PlyCount "102"]
[EventDate "2014.08.25"]
[EventType "tourn"]
[EventRounds "9"]
[EventCountry "ESP"]
[SourceTitle "EXT 2024"]
[Source "ChessBase"]
[SourceDate "2023.10.10"]
[SourceVersion "1"]
[SourceVersionDate "2023.10.10"]
[SourceQuality "1"]

1. d4 c6 2. c4 d5 3. Nf3 Nf6 4. e3 Bf5 5. Nc3 e6 6. Nh4 Bg4 7. Qb3 Qc7 8. h3 Bh5 9. g4 Bg6 10. Nxg6 hxg6 11. Bg2 Nbd7 12. Na4 dxc4 13. Qxc4 Rc8 14. Nc3 Nb6 15. Qb3 Be7 16. Bd2 0-0 17. Rc1 Qd7 18. 0-0 Nbd5 19. Na4 Rfd8 20. Nc5 Bxc5 21. Rxc5 Re8 22. Rd1 Qe7 23. Qa4 a6 24. Rdc1 Qd7 25. b4 Qd8 26. Qb3 Nd7 27. R5c2 N7b6 28. a4 Qd7 29. Rc5 Na8 30. b5 axb5 31. axb5 cxb5 32. Rxc8 Rxc8 33. Rxc8+ Qxc8 34. Qxb5 Nac7 35. Qc5 Qd7 36. Ba5 Na6 37. Qc4 Nac7 38. Bxc7 b5 39. Qc5 Nxc7 40. Bc6 Qd8 41. Bxb5 Nxb5 42. Qxb5 Qf6 43. Kg2 Qd8 44. Qb7 Qd6 45. h4 Qd8 46. Kg3 Qd6+ 47. f4 Qa3 48. Qb8+ Kh7 49. Kf3 Qa1 50. Kf2 Qh1 51. Qd8 Qh2+ 1/2-1/2